Saberes, terapias y prácticas médicas en Argentina: 1750-1910

Gespeichert in:
Bibliographische Detailangaben
1. Verfasser: Di Liscia, María Silvia (VerfasserIn)
Format: Buch
Sprache:Spanisch
Veröffentlicht: Madrid Consejo Superior de Investigaciones Científicas 2002
Schriftenreihe:Colección Biblioteca de Historia de América, 24
Schlagworte:
Tags: Tag hinzufügen
Keine Tags, Fügen Sie den ersten Tag hinzu!

MARC

LEADER 00000nam a2200000 a 4500
001 UCL3734
003 CL-VaPUC
008 031205e20020000SP |||||||||||||||||spa|d
020 |a 8400080882 
082 0 4 |a 306.461  |b DIL  |2 21 
100 0 |a Di Liscia, María Silvia  |e author  |9 481141 
245 1 0 |a Saberes, terapias y prácticas médicas en Argentina: 1750-1910 
300 |a 372 p 
942 |c BK 
945 |d 20031205 00:00:00  |a cmena 
260 |a Madrid  |b Consejo Superior de Investigaciones Científicas  |c 2002 
650 0 |a Antropología cultural y social   |9 265143 
650 0 |a Medicina   |9 258507 
650 0 |a Costumbres y tradiciones   |9 268292 
651 0 |a Argentina  |9 254888 
583 |a last modification  |c 20031205 00:00:00  |k Rodrigo Vera 
490 0 |a Colección Biblioteca de Historia de América, 24 
999 |c 306742  |d 306740 
952 |0 0  |1 0  |4 0  |6 306_461000000000000_DIL_2002  |7 0  |8 A  |9 372004  |a BIBHIS  |b BIBHIS  |d 2019-11-21  |i 3973077  |o 306.461 DIL 2002  |p 3973077  |r 2025-01-20  |w 2019-11-21  |y BK  |k MHI